000 01106nam a22003257a 4500
001 12375965
003 OSt
005 20210426094812.0
008 010411s2001 mau 000 0 eng d
010 _a 2001267921
020 _a0763707066
035 _a(OCoLC)ocm46387561
040 _aSTU
_cSTU
_dDLC
_beng
041 _aeng
042 _alccopycat
050 0 0 _aRT98
_b.L86 2001
080 _a 614
_bL-96
082 0 0 _a610.73/43
_221
100 1 _aLundy, Karen Saucier.
245 1 0 _aCommunity health nursing :
_bcaring for the public's health /
_c/ by: Jones and Bartlett Publishers
260 _aSudbury, MA :
_bJones and Bartlett Publishers
_cc2001.
300 _axxi, 1018 p. :
_bill., ports. ;
_c29 cm.
650 0 _aCommunity health nursing.
650 0 _aPublic Health
_9337
653 _aსაზოგადოებრივი ჯანდაცვა
700 1 _aJanes, Sharyn.
906 _a7
_bcbc
_ccopycat
_d3
_encip
_f20
_gy-gencatlg
942 _2udc
_cBK
999 _c868
_d868